An Introductory Course in Differential Equations With Applications (Record no. 522635)
[ view plain ]
| 000 -LEADER | |
|---|---|
| fixed length control field | 00483nam a22001697a 4500 |
| 003 - CONTROL NUMBER IDENTIFIER | |
| control field | NUST |
| 020 ## - INTERNATIONAL STANDARD BOOK NUMBER | |
| Terms of availability | Available |
| 038 ## - RECORD CONTENT LICENSOR | |
| Staff Name | Nusrat Nadeem |
| 040 ## - CATALOGING SOURCE | |
| Original cataloging agency | DLC |
| Language of cataloging | DLC |
| Transcribing agency | RCMS |
| 082 ## - DEWEY DECIMAL CLASSIFICATION NUMBER | |
| Classification number | 515.35 MIR |
| 100 ## - MAIN ENTRY--PERSONAL NAME | |
| Personal name | Khalid Latif Mir |
| 9 (RLIN) | 12698 |
| 245 ## - TITLE STATEMENT | |
| Title | An Introductory Course in Differential Equations With Applications |
| Statement of responsibility, etc. | Mir Khalid Latif |
| 260 ## - PUBLICATION, DISTRIBUTION, ETC. | |
| Place of publication, distribution, etc. | Lahore |
| Name of publisher, distributor, etc. | Ilmi Kitab Khana |
| Date of publication, distribution, etc. | 2006 |
| 300 ## - PHYSICAL DESCRIPTION | |
| Extent | xvi,323,p. |
| Other physical details | PB |
| 600 ## - SUBJECT ADDED ENTRY--PERSONAL NAME | |
| General subdivision | Differential Equations |
| 9 (RLIN) | 12699 |
| 942 ## - ADDED ENTRY ELEMENTS (KOHA) | |
| Source of classification or shelving scheme | |
| Koha item type | Book |
| Withdrawn status | Lost status | Source of classification or shelving scheme | Damaged status | Not for loan | Permanent Location | Current Location | Shelving location | Date acquired | Full call number | Barcode | Date last seen | Price effective from | Koha item type |
|---|---|---|---|---|---|---|---|---|---|---|---|---|---|
| NUST Baluchistan Campus (NBC) | NUST Baluchistan Campus (NBC) | General Stacks | 12/18/2018 | 515.35 MIR | RCMS003099-D | 12/18/2018 | Book |
